|
|
|
|
| LEADER |
00000nas a2200000 a 4500 |
| 001 |
ssj0000331767 |
| 003 |
WaSeSS |
| 005 |
20200512172242.0 |
| 006 |
m d |
| 007 |
cr n |
| 008 |
100326c20099999sz qr pss 0 0eng c |
| 010 |
|
|
|a 2010243478
|
| 016 |
7 |
|
|a 101526829
|2 DNLM
|
| 022 |
|
|
|a 2072-6694
|l 2072-6694
|
| 035 |
|
|
|a (WaSeSS)ssj0000331767
|
| 040 |
|
|
|a CS1
|b eng
|c CS1
|d NLM
|d OCLCQ
|d OCLCF
|d OCLCO
|d CUS
|d OCLCO
|d OCLCQ
|d OCLCO
|d CASUM
|d OCLCO
|d OCLCA
|d UAB
|d WaSeSS
|
| 042 |
|
|
|a pcc
|
| 050 |
|
4 |
|a RC261
|
| 060 |
1 |
0 |
|a W1
|
| 210 |
1 |
0 |
|a Cancers (Basel)
|2 dnlm
|
| 245 |
0 |
0 |
|a Cancers
|h [electronic resource].
|
| 260 |
|
|
|a Basel, Switzerland :
|b Molecular Diversity Preservation International (MDPI)
|
| 310 |
|
|
|a Quarterly
|
| 362 |
1 |
|
|a Began with vol. 1, issue 1 (Dec. 2009).
|
| 500 |
|
|
|a Title and description from journal home page (viewed Mar. 26, 2010).
|
| 506 |
|
|
|a License restrictions may limit access.
|
| 588 |
|
|
|a Latest issue consulted: Vol. 2, issue 2 (June 2010) (viewed June 17, 2010).
|
| 650 |
|
0 |
|a Cancer
|v Periodicals.
|
| 650 |
|
0 |
|a Oncology
|v Periodicals.
|
| 650 |
|
7 |
|a Cancer.
|2 fast
|0 (OCoLC)fst00845317
|
| 650 |
|
7 |
|a Oncology.
|2 fast
|0 (OCoLC)fst01045739
|
| 650 |
1 |
2 |
|a Neoplasms.
|
| 655 |
|
0 |
|a Electronic journals.
|
| 856 |
4 |
0 |
|z Full text available from Research Library: 01/01/2009 to present
|u https://search.proquest.com/publication/2032421
|